Lenguaje y comunicación 8: texto para el estudiante

محفوظ في:
التفاصيل البيبلوغرافية
المؤلفون الرئيسيون: Ortúzar Meza, Carmen (autora), Rodríguez Aguirrezábal, Ignacio (مؤلف), Saavedra Segura, Ana Cecilia (مؤلف)
التنسيق: كتاب
اللغة:الإسبانية
منشور في: Santiago Arrayán 2001
سلاسل:Sector Lenguaje y Comunicación
الموضوعات:
الوسوم: إضافة وسم
لا توجد وسوم, كن أول من يضع وسما على هذه التسجيلة!

MARC

LEADER 00000nam a2200000 a 4500
001 UCL1940
003 CL-VaPUC
008 030926e20010000CL |||||||||||||||||spa|d
020 |a 9562403068 
082 0 4 |a 372.6  |b ORT  |2 21 
100 |a Ortúzar Meza, Carmen  |e autora  |9 544982 
700 0 |a Rodríguez Aguirrezábal, Ignacio  |e author  |9 478933 
700 0 |a Saavedra Segura, Ana Cecilia  |e author  |9 478934 
245 1 0 |a Lenguaje y comunicación 8: texto para el estudiante 
300 |a 184 p 
942 |c BK 
945 |d 20030926 00:00:00  |a cmena 
260 |a Santiago  |b Arrayán  |c 2001 
650 0 |a Educación lingüística  |9 306506 
650 0 |a Educación básica   |9 224933 
650 0 |a Libros de texto  |9 270019 
650 0 |a Métodos de enseñanza  |9 270413 
583 |a last modification  |c 20130527 14:35:59  |k Rodrigo Vera 
490 0 |a Sector Lenguaje y Comunicación 
999 |c 305373  |d 305371 
952 |0 0  |1 0  |4 0  |6 372_600000000000000_ORT_2001  |7 0  |8 P  |9 368976  |a BIBEDU  |b BIBEDU  |d 2019-11-21  |i 3946096  |o 372.6 ORT 2001  |p 3946096  |r 2019-11-21  |w 2019-11-21  |y BK  |k EBA 
952 |0 0  |1 0  |4 0  |6 372_600000000000000_ORT_2001  |7 0  |8 P  |9 368977  |a BIBEDU  |b BIBEDU  |c BIBEDU_PB  |d 2019-11-21  |i 3946118  |o 372.6 ORT 2001  |p 3946118  |r 2024-01-25  |w 2019-11-21  |y BK  |k EBA 
952 |0 0  |1 0  |4 0  |6 372_600000000000000_ORT_2001  |7 0  |8 P  |9 368978  |a BIBEDU  |b BIBEDU  |d 2019-11-21  |i 3946134  |o 372.6 ORT 2001  |p 3946134  |r 2019-11-21  |w 2019-11-21  |y BK  |k EBA